| 000 | 01203nam a2200265 i 4500 | ||
|---|---|---|---|
| 001 | 50537 | ||
| 003 | ES-MaACL | ||
| 005 | 20251009190740.0 | ||
| 007 | t| | ||
| 008 | 030805m19601966sp ||||1| spa d | ||
| 080 | _a016:929.52(460)(093) | ||
| 080 | _a017.1(460.27 M.) | ||
| 100 | 1 |
_aCuartero y Huerta, Baltasar. _941919 |
|
| 245 | 1 | 0 |
_aÍndice de la colección de Luis de Salazar y Castro / _cformado por Baltasar Cuartero y Huerta y Antonio de Vargas-Zúñiga y Montero de Espinosa, Marqués de Siete Iglesias. |
| 260 |
_aMadrid : _bAcademia de la Historia, _c1960-66. |
||
| 300 |
_a5 v. ; _c25 cm. |
||
| 505 | 8 | _aContiene: Tomos XXVI, XXVII, XXVIII, XXIX, XXXVI | |
| 530 | _aDisponible en CD-ROM: Índice de la colección de D. Luis de Salazar y Castro : Madrid, 1949-1979 (49 v.) | ||
| 600 | 1 | 4 |
_aSalazar y Castro, Luis de, _d1658-1734- _xArchivo- _vCatálogos _9101832 |
| 610 | 2 | 4 |
_aReal Academia de la Historia (España). _bBiblioteca- _vCatálogos. _96313 |
| 700 | 0 |
_aVargas-Zúñiga y Montero de Espinosa, Antonio de, _cMarqués de Siete Iglesias _9113220 |
|
| 710 | 2 |
_aReal Academia de la Historia (España) _96309 |
|
| 852 | 4 |
_aES-MaACL _jP-1189 |
|
| 999 |
_c50537 _d50537 |
||